Indice General alfabético de las cosas notables, que contienen todas las obras del... Fr. Benito Geronimo Feijoó... y también los dos tomos de la Demonstracion Crítico-Apologética, que en defensa del Teatro Crítico escribió el Rmo. P.M.D.Fr. Martín Sarmiento / (Record no. 164757)

MARC details
000 -LEADER
campo de control de longitud fija 01146nam a2200217 i 4500
001 - NÚMERO DE CONTROL
campo de control 164757
003 - IDENTIFICADOR DE NÚMERO DE CONTROL
campo de control ES-MaACL
005 - FECHA Y HORA DE LA ÚLTIMA TRANSACCIÓN
campo de control 20250723052231.0
008 - DATOS DE LONGITUD FIJA--INFORMACIÓN GENERAL
campo de control de longitud fija 931025s1774 sp |||| | spa d
100 1# - ENTRADA PRINCIPAL--NOMBRE DE PERSONA
Nombre de persona Santos, José.
9 (RLIN) 132453
245 10 - MENCIÓN DEL TÍTULO
Título Indice General alfabético de las cosas notables, que contienen todas las obras del... Fr. Benito Geronimo Feijoó... y también los dos tomos de la Demonstracion Crítico-Apologética, que en defensa del Teatro Crítico escribió el Rmo. P.M.D.Fr. Martín Sarmiento /
Mención de responsabilidad, etc. dispuesto por Don Joseph Santos.
260 ## - PUBLICACIÓN, DISTRIBUCIÓN, ETC.
Lugar de publicación, distribución, etc. Madrid :
Nombre del editor, distribuidor, etc. por Don Antonio de Sancha :
-- a costa de la Real Compañía de impresores y libreros,
Fecha de publicación, distribución, etc. 1774.
300 ## - DESCRIPCIÓN FÍSICA
Extensión [18], 248 p., [2] en bl. ;
Dimensiones 4º.
596 ## - NOTA AL PIE DE IMPRENTA
NOTA AL PIE DE IMPRENTA Marca de ed. en port.
597 ## - NOTA DE DESCRIPCIÓN FÍSICA
NOTA DE DESCRIPCIÓN FÍSICA Sign.: A-Z4, Aa-Kk4, Ll².
600 17 - PUNTO DE ACCESO ADICIONAL DE MATERIA--NOMBRE DE PERSONA
Nombre de persona Feijo, Benito Jerónimo,
Fechas asociadas al nombre 1676-1764.
Título de la obra Obras-
Subdivisión general Índice
Fuente del encabezamiento o término
9 (RLIN) 127031
600 04 - PUNTO DE ACCESO ADICIONAL DE MATERIA--NOMBRE DE PERSONA
Nombre de persona Martín Sarmiento,
Títulos y otros términos asociados al nombre Fray,
Fechas asociadas al nombre 1695-1772
9 (RLIN) 166281
710 2# - ENTRADA AGREGADA--NOMBRE DE ENTIDAD CORPORATIVA
Nombre de entidad corporativa o nombre de jurisdicción como elemento de entrada Real Compañía de Impresores y Libreros del Reino.
9 (RLIN) 134788
852 ## - LOCALIZACIÓN
Ubicación ES-MaACL
Número de control de estantería R-847-61
Nota libre -- Enc. piel no original de la época
Encuadernación Olim: G-1530-44
Holdings
Estatus retirado Estado de pérdida Estado de daño No para préstamo Colección Biblioteca de origen Biblioteca actual Ubicación en estantería Fecha de adquisición Total de préstamos Signatura topográfica completa Código de barras Visto por última vez Precio de reemplazo Tipo de ítem Koha
        Libros del s. XVIII Biblioteca del Ateneo de Madrid Biblioteca del Ateneo de Madrid Depósito 17/01/2008   R-847-61 1172711 23/02/2023 23/02/2023 Libro impreso antiguo